000 00457nam a2200169Ia 4500
005 20250923145141.0
008 008 250917s9999 xx 000 0 eng d
037 _aTextual
040 _aDSWL
_beng
_cDSWL
041 _aeng
_2eng
084 _qDSWL
245 0 _aHealth culture and community
_cEd.by Benjamin D. Paul
260 _aNew York
_b Russell Sage Foundation
_c1955
300 _a94p.
942 _cTEXL
999 _c1447769
_d1447769